| 000 | 00600nam a22001937a 4500 | ||
|---|---|---|---|
| 003 | BUBTL | ||
| 008 | 191119b xxu||||| |||| 00| 0 eng d | ||
| 020 | _a978-984-33-4667-4 | ||
| 082 | _a340.014 / R339e / 2013 | ||
| 100 |
_92469 _aReza, Hossain Mohammad |
||
| 245 |
_aEnglish for law : _bincluding general English and BJS English / _cHossain Mohammad Reza |
||
| 250 | _a2nd ed. | ||
| 260 |
_aDhaka : _bSufi Prokashoni, _cc2013. |
||
| 300 |
_ax, 597 p. : _c21.5 cm. |
||
| 650 | 0 |
_926 _aLaw |
|
| 856 |
_k0 _l0 _yDownload |
||
| 942 |
_2ddc _cBK |
||
| 999 |
_c6168 _d6168 |
||